000 00272nam a22000977a 4500
999 _c11205
_d11205
008 181009b ||||| |||| 00| 0 eng d
020 _a9788130400174
100 _aTINY, TOT
_96959
245 _aBEST OF TENALI RAMAN THE JESTER
260 _aNEW DELHI
_bTINY TOT PUBLICATION
_c2015